Things They Don't Tell Me: (Record no. 11239)

MARC details
000 -LEADER
fixed length control field 00657nam a2200253 a 4500
001 - CONTROL NUMBER
control field 0001-1239
003 - CONTROL NUMBER IDENTIFIER
control field ELIB.Books
008 - FIXED-LENGTH DATA ELEMENTS--GENERAL INFORMATION
fixed length control field 150602 2010 eng
020 ## - INTERNATIONAL STANDARD BOOK NUMBER
International Standard Book Number 0962079502
035 ## - SYSTEM CONTROL NUMBER
System control number (ELIB.Books)0001-1394
092 ## - LOCALLY ASSIGNED DEWEY CALL NUMBER (OCLC)
Classification number 264.2
Item number Cau
100 ## - MAIN ENTRY--PERSONAL NAME
Personal name Causey, C. Harry
245 ## - TITLE STATEMENT
Title Things They Don't Tell Me:
Remainder of title About Being A Ministry of Music
250 ## - EDITION STATEMENT
Edition statement Third Printing
260 ## - PUBLICATION, DISTRIBUTION, ETC. (IMPRINT)
Name of publisher, distributor, etc. Music Revelation
Date of publication, distribution, etc. 1994
300 ## - PHYSICAL DESCRIPTION
Extent 234
Dimensions 21.5 Cm
500 ## - GENERAL NOTE
General note C/o Moe Tarmalar Paw
650 ## - SUBJECT ADDED ENTRY--TOPICAL TERM
Topical term or geographic name as entry element Music
856 ## - ELECTRONIC LOCATION AND ACCESS
Name of location of host KBTS: Library
Uniform Resource Identifier <a href="KBTS: Elib">KBTS: Elib</a>
942 ## - ADDED ENTRY ELEMENTS (KOHA)
Source of classification or shelving scheme Dewey Decimal Classification
Koha item type Books
990 ## - EQUIVALENCES OR CROSS-REFERENCES [LOCAL, CANADA]
Link information for 9XX fields 2
998 ## - LOCAL CONTROL INFORMATION (RLIN)
Cataloger's initials, CIN (RLIN) bat
-- 2015-06-02
Holdings
Withdrawn status Lost status Source of classification or shelving scheme Damaged status Not for loan Home library Current library Date acquired Total Checkouts Barcode Date last seen Bill Date Koha item type
    Dewey Decimal Classification     Karen Baptist Theological Seminary Library Karen Baptist Theological Seminary Library 02/06/2015   15477, 15478 22/01/2022 22/01/2022 Books
Implemented & Customized by: BestBookBuddies

Powered by Koha